Intrastrate Bus Station (Record no. 362557)

MARC details
000 -LEADER
fixed length control field 00295nam a2200109Ia 4500
008 - FIXED-LENGTH DATA ELEMENTS--GENERAL INFORMATION
fixed length control field 250110s9999 xx 000 0 und d
041 ## - LANGUAGE CODE
Language code of text/sound track or separate title eng
100 ## - MAIN ENTRY--PERSONAL NAME
Personal name Patil R.
9 (RLIN) 181800
245 ## - TITLE STATEMENT
Title Intrastrate Bus Station
260 ## - PUBLICATION, DISTRIBUTION, ETC. (IMPRINT)
Name of publisher, distributor, etc. Final Year B. Arch, BNCA
Date of publication, distribution, etc. 2000
700 ## - ADDED ENTRY--PERSONAL NAME
Personal name Guide Name:Modak S N
9 (RLIN) 209372
Holdings
Withdrawn status Lost status Damaged status Not for loan Home library Current library Date acquired Total Checkouts Barcode Date last seen Bill Date Koha item type Original Barcode
        Dr. Bhanuben Nanavati College of Architecture Dr. Bhanuben Nanavati College of Architecture 11/08/2005   BNCA-PR-57 10/01/2025 10/01/2025 Project Reports PR0057